[Event "Hastings Masters 2024/25 98th"]
[Site "Hastings"]
[Date "2024.12.28"]
[Round "1.1"]
[White "Zhang, Pengxiang"]
[Black "Liu, Tianyi (Jack)"]
[Result "1-0"]
[WhiteElo "2567"]
[BlackElo "2225"]
[PlyCount "59"]
[EventDate "2024.12.28"]
[EventType "swiss"]
[EventRounds "9"]
[EventCountry "ENG"]
[SourceTitle "BritBase"]
[Source "John Saunders"]
[SourceDate "2025.01.10"]
[SourceVersion "1"]
[SourceVersionDate "2025.01.10"]
[SourceQuality "1"]

1. d4 Nf6 2. c4 g6 3. f3 c5 4. d5 e6 5. e4 Bg7 6. Nc3 exd5 7. cxd5 d6 8. Bd3 O-O 9. Nge2 a6 10. a4 Nbd7 11. O-O Ne8 12. Kh1 Rb8 13. f4 Nc7 14. a5 b5 15. axb6 Rxb6 16. Ra2 Nb5 17. Be3 Rb8 18. Nxb5 axb5 19. b4 c4 20. Bb1 Nf6 21. Nd4 Bd7 22. f5 Ra8 23. Raf2 Qc7 24. Bg5 Ra1 25. fxg6 Nxe4 26. Rxf7 Rxf7 27. gxf7+ Kf8 28. Bh4 Nc3 29. Qe1 Bg4 30. Qe8# 1-0

[Event "Hastings Masters 2024/25 98th"]
[Site "Hastings"]
[Date "2024.12.28"]
[Round "1.2"]
[White "Schimnatkowski, Lukas"]
[Black "Laurent-Paoli, Pierre"]
[Result "0-1"]
[WhiteElo "2221"]
[BlackElo "2559"]
[PlyCount "76"]
[EventDate "2024.12.28"]
[EventType "swiss"]
[EventRounds "9"]
[EventCountry "ENG"]
[SourceTitle "BritBase"]
[Source "John Saunders"]
[SourceDate "2025.01.10"]
[SourceVersion "1"]
[SourceVersionDate "2025.01.10"]
[SourceQuality "1"]

1. e4 c5 2. Nc3 Nc6 3. f4 e6 4. Nf3 Nh6 5. Bc4 a6 6. a4 f5 7. d3 b6 8. O-O Bb7 9. Qe1 Be7 10. Nd5 fxe4 11. Nxe7 exf3 12. Nxc6 Bxc6 13. Bxe6 fxg2 14. Bh3+ Kf7 15. Bxg2 Bxg2 16. Kxg2 Re8 17. Qf2 Nf5 18. Bd2 Qf6 19. Rae1 Qxb2 20. Re5 g6 21. Qe2 Qxc2 22. Rxf5+ gxf5 23. Qh5+ Ke7 24. Re1+ Kd6 25. Rxe8 Qxd2+ 26. Kg3 Qxd3+ 27. Kh4 Rxe8 28. Qxe8 Qe4 29. Qb8+ Ke7 30. h3 Qe6 31. Kg5 Qg6+ 32. Kh4 Qd6 33. Qb7 Qxf4+ 34. Kh5 Qg3 35. Qxb6 Qxh3+ 36. Kg5 Qg4+ 37. Kh6 Qg6+ 38. Qxg6 hxg6 0-1

[Event "Hastings Masters 2024/25 98th"]
[Site "Hastings"]
[Date "2024.12.28"]
[Round "1.3"]
[White "Boyer, Mahel"]
[Black "Badacsonyi, Frankie"]
[Result "1-0"]
[WhiteElo "2526"]
[BlackElo "2218"]
[PlyCount "71"]
[EventDate "2024.12.28"]
[EventType "swiss"]
[EventRounds "9"]
[EventCountry "ENG"]
[SourceTitle "BritBase"]
[Source "John Saunders"]
[SourceDate "2025.01.10"]
[SourceVersion "1"]
[SourceVersionDate "2025.01.10"]
[SourceQuality "1"]

1. Nf3 d5 2. g3 Nd7 3. Nc3 Ngf6 4. d4 Nb6 5. Bg2 Bf5 6. Nh4 e6 7. Nxf5 exf5 8. Qd3 g6 9. f3 Bg7 10. e4 dxe4 11. fxe4 fxe4 12. Nxe4 O-O 13. Bg5 Qe8 14. Bxf6 Bxf6 15. O-O-O Bg7 16. Kb1 c6 17. h4 Rd8 18. c3 Qe6 19. h5 Rfe8 20. h6 Bh8 21. Rhf1 Re7 22. Rf2 Qc4 23. Qf3 f5 24. Nc5 Qd5 25. Qd3 Qc4 26. Qf3 Qd5 27. Re2 Qxf3 28. Bxf3 Rxe2 29. Bxe2 Re8 30. Re1 Rb8 31. g4 Bf6 32. gxf5 gxf5 33. Rf1 Re8 34. Bd3 Re7 35. Bxf5 Nc4 36. Rg1+ 1-0

[Event "Hastings Masters 2024/25 98th"]
[Site "Hastings"]
[Date "2024.12.28"]
[Round "1.4"]
[White "Muir, Andrew J"]
[Black "Stefansson, Vignir Vatnar"]
[Result "0-1"]
[WhiteElo "2214"]
[BlackElo "2537"]
[PlyCount "70"]
[EventDate "2024.12.28"]
[EventType "swiss"]
[EventRounds "9"]
[EventCountry "ENG"]
[SourceTitle "BritBase"]
[Source "John Saunders"]
[SourceDate "2025.01.10"]
[SourceVersion "1"]
[SourceVersionDate "2025.01.10"]
[SourceQuality "1"]

1. d4 d5 2. c4 e6 3. Nc3 a6 4. cxd5 exd5 5. Qb3 Nf6 6. Bg5 c6 7. e4 dxe4 8. Bc4 Qe7 9. a4 h6 10. Bxf6 Qxf6 11. Nge2 Qg6 12. O-O Bd6 13. Ng3 O-O 14. Ncxe4 a5 15. Nxd6 Qxd6 16. Rfe1 Qd8 17. Re3 Na6 18. Rae1 Nc7 19. Rf3 Be6 20. Bxe6 Nxe6 21. Nf5 Nxd4 22. Nxd4 Qxd4 23. Re7 Qc5 24. Rd7 Rae8 25. h3 Re7 26. Rxb7 Re1+ 27. Kh2 Qd6+ 28. g3 Qg6 29. Qd3 Qg5 30. Rf4 Qh5 31. Qf3 Qg6 32. Rc7 Rc1 33. Rf5 Qe6 34. Rxa5 Qe1 35. Qg2 Qxa5 0-1

[Event "Hastings Masters 2024/25 98th"]
[Site "Hastings"]
[Date "2024.12.28"]
[Round "1.5"]
[White "Royal, Shreyas"]
[Black "Steiners, Emils"]
[Result "0-1"]
[WhiteElo "2522"]
[BlackElo "2209"]
[PlyCount "146"]
[EventDate "2024.12.28"]
[EventType "swiss"]
[EventRounds "9"]
[EventCountry "ENG"]
[SourceTitle "BritBase"]
[Source "John Saunders"]
[SourceDate "2025.01.10"]
[SourceVersion "1"]
[SourceVersionDate "2025.01.10"]
[SourceQuality "1"]

1. e4 c5 2. Nf3 Nc6 3. d4 cxd4 4. Nxd4 Nf6 5. Nc3 e5 6. Ndb5 d6 7. Nd5 Nxd5 8. exd5 Nb8 9. a4 a6 10. Na3 Be7 11. Nc4 O-O 12. a5 Nd7 13. Be2 f5 14. Bd2 Nf6 15. Bb4 Re8 16. O-O f4 17. f3 Kh8 18. Qd3 Bd7 19. Nb6 Rb8 20. Rfd1 Qc7 21. Ra3 Rbd8 22. Be1 g6 23. Rc3 Qb8 24. Nxd7 Rxd7 25. Bf2 Bd8 26. b4 Kg8 27. Rb3 Qc8 28. c4 Rf7 29. Qc2 e4 30. Bd4 exf3 31. Bxf3 Ng4 32. c5 Ne3 33. Bxe3 fxe3 34. Qe2 Bg5 35. cxd6 Qd8 36. d7 Rxd7 37. Bg4 Rd6 38. b5 Kg7 39. bxa6 bxa6 40. Rb7+ Kh8 41. Rf1 Rf6 42. Qb2 Kg8 43. Rd1 Qd6 44. Rb6 Qf4 45. Be6+ Kg7 46. Rb7+ Kh6 47. Qe2 Ref8 48. g3 Qf2+ 49. Qxf2 Rxf2 50. h4 e2 51. hxg5+ Kxg5 52. Rbb1 exd1=Q+ 53. Rxd1 R2f6 54. Rb1 h5 55. Rb2 Rf3 56. Rd2 Rxg3+ 57. Kh2 Rgf3 58. Kg2 R3f6 59. Bd7 Rd8 60. Ba4 Kh6 61. Bb3 g5 62. Re2 g4 63. Bc4 Rdd6 64. Re5 Rf4 65. Bd3 Rd4 66. Be4 Ra4 67. Kg3 Ra3+ 68. Kf4 Rf6+ 69. Rf5 Rxf5+ 70. Kxf5 Kg7 71. d6 Kf7 72. Bd5+ Ke8 73. Bc6+ Kd8 0-1

[Event "Hastings Masters 2024/25 98th"]
[Site "Hastings"]
[Date "2024.12.28"]
[Round "1.6"]
[White "Golding, James"]
[Black "Xue, Haowen"]
[Result "0-1"]
[WhiteElo "2203"]
[BlackElo "2502"]
[PlyCount "52"]
[EventDate "2024.12.28"]
[EventType "swiss"]
[EventRounds "9"]
[EventCountry "ENG"]
[SourceTitle "BritBase"]
[Source "John Saunders"]
[SourceDate "2025.01.10"]
[SourceVersion "1"]
[SourceVersionDate "2025.01.10"]
[SourceQuality "1"]

1. d4 Nf6 2. c4 e6 3. Nf3 Bb4+ 4. Bd2 Qe7 5. g3 Nc6 6. a3 Bxd2+ 7. Qxd2 d5 8. b3 dxc4 9. bxc4 e5 10. d5 e4 11. Nd4 Ne5 12. Qc3 c5 13. Nb5 O-O 14. d6 Qe6 15. Nc7 Qxd6 16. Nxa8 e3 17. f3 Rd8 18. Qc1 Ne4 19. Bg2 Nxg3 20. Nc3 Nxh1 21. Qxe3 Nxc4 22. Qd3 Qxd3 23. exd3 Ne3 24. Ke2 Nxg2 25. Nc7 Nf4+ 26. Ke3 g5 0-1

[Event "Hastings Masters 2024/25 98th"]
[Site "Hastings"]
[Date "2024.12.28"]
[Round "1.7"]
[White "Ghazarian, Kirk"]
[Black "Bin-Suhayl, Ieysaa"]
[Result "1-0"]
[WhiteElo "2501"]
[BlackElo "2183"]
[PlyCount "95"]
[EventDate "2024.12.28"]
[EventType "swiss"]
[EventRounds "9"]
[EventCountry "ENG"]
[SourceTitle "BritBase"]
[Source "John Saunders"]
[SourceDate "2025.01.10"]
[SourceVersion "1"]
[SourceVersionDate "2025.01.10"]
[SourceQuality "1"]

1. e4 e6 2. d4 d5 3. Nc3 Nf6 4. Bg5 Be7 5. e5 Nfd7 6. h4 h6 7. Bxe7 Qxe7 8. f4 a6 9. Nf3 c5 10. Qd2 Nc6 11. g4 b5 12. Ne2 f6 13. O-O-O fxe5 14. fxe5 Rf8 15. Rh3 cxd4 16. Nexd4 Ndxe5 17. Nxe5 Nxe5 18. Re1 Nxg4 19. Be2 e5 20. Rg3 Qxh4 21. Qc3 b4 22. Qc6+ Bd7 23. Qg6+ Kd8 24. Qb6+ Ke7 25. Qc5+ Kf6 26. Qd6+ Kf7 27. Qxd7+ Kg8 28. Qxg4 Qxg4 29. Rxg4 exd4 30. Rxd4 Rae8 31. Kd1 a5 32. Rxd5 Rd8 33. Rxd8 Rxd8+ 34. Bd3 Rd5 35. Ke2 Re5+ 36. Kf2 Rxe1 37. Kxe1 Kf7 38. Kf2 Kf6 39. Ke3 Ke5 40. c4 bxc3 41. bxc3 g5 42. Be2 Kf5 43. c4 g4 44. Kd4 h5 45. c5 Ke6 46. Ke4 g3 47. Bf1 h4 48. Bh3+ 1-0

[Event "Hastings Masters 2024/25 98th"]
[Site "Hastings"]
[Date "2024.12.28"]
[Round "1.8"]
[White "Wall, Tim P"]
[Black "Seo, Jung Min"]
[Result "0-1"]
[WhiteElo "2173"]
[BlackElo "2491"]
[PlyCount "90"]
[EventDate "2024.12.28"]
[EventType "swiss"]
[EventRounds "9"]
[EventCountry "ENG"]
[SourceTitle "BritBase"]
[Source "John Saunders"]
[SourceDate "2025.01.10"]
[SourceVersion "1"]
[SourceVersionDate "2025.01.10"]
[SourceQuality "1"]

1. d4 Nf6 2. Nc3 d5 3. Bf4 a6 4. e3 e6 5. h4 c5 6. Nf3 Nc6 7. a3 Bd6 8. dxc5 Bxc5 9. Bd3 h6 10. e4 Ng4 11. Bg3 d4 12. Ne2 e5 13. Bc4 Qe7 14. h5 Bd7 15. Nc1 Nf6 16. Bh4 Qd6 17. Nd2 b5 18. Ba2 Bg4 19. f3 Bd7 20. g4 Nh7 21. Nd3 Bb6 22. Qe2 Bd8 23. Bg3 Bg5 24. Bd5 f6 25. a4 Ke7 26. Kf1 Be6 27. Bxe6 Qxe6 28. axb5 axb5 29. Kg2 Bxd2 30. Qxd2 Kf7 31. b3 Rhc8 32. Rhc1 Kg8 33. Qe2 Qe7 34. Be1 Ng5 35. Bd2 Ne6 36. Qf1 Rxa1 37. Rxa1 Nc5 38. Nb4 Nxb4 39. Bxb4 Qb7 40. Bxc5 Rxc5 41. Ra2 Qc6 42. Qd1 b4 43. Kg3 Rc3 44. Qe2 Kh7 45. Qd1 Qxe4 0-1

[Event "Hastings Masters 2024/25 98th"]
[Site "Hastings"]
[Date "2024.12.28"]
[Round "1.9"]
[White "Bazakutsa, Svyatoslav"]
[Black "Chandler, Cliff R"]
[Result "0-1"]
[WhiteElo "2484"]
[BlackElo "2161"]
[PlyCount "88"]
[EventDate "2024.12.28"]
[EventType "swiss"]
[EventRounds "9"]
[EventCountry "ENG"]
[SourceTitle "BritBase"]
[Source "John Saunders"]
[SourceDate "2025.01.10"]
[SourceVersion "1"]
[SourceVersionDate "2025.01.10"]
[SourceQuality "1"]

1. c4 Nc6 2. Nc3 e5 3. g3 Nf6 4. Bg2 Bc5 5. Nf3 e4 6. Ng5 Bxf2+ 7. Kxf2 Ng4+ 8. Kg1 Qxg5 9. Nxe4 Qe7 10. h3 Nf6 11. Nxf6+ Qxf6 12. d3 h5 13. Qf1 Qxf1+ 14. Kxf1 d6 15. Kf2 Bd7 16. Bd2 O-O-O 17. b4 h4 18. g4 f5 19. gxf5 Bxf5 20. Raf1 Be6 21. b5 Nd4 22. e4 c5 23. bxc6 Nxc6 24. Be3 Rh5 25. Rb1 Ra5 26. Rb2 Ne5 27. Ke2 Ra3 28. Rd2 Nxd3 29. Rxd3 Rxa2+ 30. Bd2 Bxc4 31. Rc1 b5 32. Ke1 Kd7 33. Rd4 Ke6 34. Bf3 Rf8 35. Bg4+ Ke5 36. Rcxc4 bxc4 37. Rxc4 Rb8 38. Bd1 Rb1 39. Rc3 Raa1 40. Ke2 Rxd1 41. Rd3 Ke6 42. Kf3 Ra2 43. Ke2 Rdxd2+ 44. Rxd2 Rxd2+ 0-1

[Event "Hastings Masters 2024/25 98th"]
[Site "Hastings"]
[Date "2024.12.28"]
[Round "1.11"]
[White "Kaasen, Tor Fredrik"]
[Black "Briem, Benedikt"]
[Result "1-0"]
[WhiteElo "2473"]
[BlackElo "2132"]
[PlyCount "119"]
[EventDate "2024.12.28"]
[EventType "swiss"]
[EventRounds "9"]
[EventCountry "ENG"]
[SourceTitle "BritBase"]
[Source "John Saunders"]
[SourceDate "2025.01.10"]
[SourceVersion "1"]
[SourceVersionDate "2025.01.10"]
[SourceQuality "1"]

1. c4 e6 2. g3 d5 3. Bg2 Nf6 4. d4 Bd6 5. Nf3 O-O 6. O-O h6 7. Nc3 Nc6 8. c5 Be7 9. a3 a5 10. Bf4 Nh5 11. Be3 Nf6 12. Rb1 b6 13. b4 axb4 14. axb4 bxc5 15. dxc5 Ng4 16. Bd2 e5 17. b5 Na5 18. h3 Nf6 19. Nxe5 Bxc5 20. Nxd5 Nxd5 21. Bxa5 Rxa5 22. Nc6 Qg5 23. Qxd5 Qxd5 24. Bxd5 Ra3 25. Kg2 Bb7 26. Rbc1 Bd6 27. Rfd1 Bxc6 28. Rxc6 Rb8 29. b6 Rxb6 30. Rxb6 cxb6 31. Bxf7+ Kxf7 32. Rxd6 Rb3 33. g4 b5 34. Rb6 b4 35. h4 Rb1 36. h5 Ke7 37. Rg6 Kf7 38. Kf3 Rc1 39. Rb6 Rc3+ 40. e3 b3 41. Kf4 Rc2 42. f3 b2 43. e4 Rf2 44. Ke3 Rg2 45. e5 Ke7 46. Ke4 Rf2 47. f4 Kf7 48. Rb7+ Kg8 49. Kf5 Rc2 50. e6 Re2 51. Rb8+ Kh7 52. Rb6 Kg8 53. Rb7 Kh7 54. Rb8 Rf2 55. Ke5 Re2+ 56. Kd6 Rd2+ 57. Ke7 Rc2 58. Kf7 Rc4 59. f5 Rc6 60. Rxb2 1-0

[Event "Hastings Masters 2024/25 98th"]
[Site "Hastings"]
[Date "2024.12.28"]
[Round "1.12"]
[White "Kolani, Arjun"]
[Black "Kovchan, Alexander"]
[Result "0-1"]
[WhiteElo "2131"]
[BlackElo "2455"]
[PlyCount "78"]
[EventDate "2024.12.28"]
[EventType "swiss"]
[EventRounds "9"]
[EventCountry "ENG"]
[SourceTitle "BritBase"]
[Source "John Saunders"]
[SourceDate "2025.01.10"]
[SourceVersion "1"]
[SourceVersionDate "2025.01.10"]
[SourceQuality "1"]

1. e4 c5 2. Nf3 d6 3. d4 cxd4 4. Nxd4 Nf6 5. Nc3 a6 6. f3 e5 7. Nb3 Be6 8. Be3 h5 9. Nd5 Bxd5 10. exd5 g6 11. Qd2 Qc7 12. Be2 Nbd7 13. Rc1 b6 14. c4 Bg7 15. O-O O-O 16. h3 Rae8 17. g4 hxg4 18. hxg4 Nh7 19. Bd3 Qd8 20. Rf2 Bf6 21. Rh2 Bg5 22. Kf2 Bxe3+ 23. Qxe3 Qg5 24. Rch1 Ndf6 25. Nd2 Qf4 26. Qxf4 exf4 27. Re1 Rxe1 28. Kxe1 Ng5 29. Re2 Nd7 30. Re7 Rd8 31. Kf2 Kg7 32. Re1 a5 33. a3 Ne5 34. Be2 Rh8 35. Kg2 Re8 36. Kf2 a4 37. Nb1 Ngxf3 38. Rh1 Nd4 39. Bd1 Nd3+ 0-1

[Event "Hastings Masters 2024/25 98th"]
[Site "Hastings"]
[Date "2024.12.28"]
[Round "1.13"]
[White "Gormally, Daniel W"]
[Black "Brown, Thomas"]
[Result "1-0"]
[WhiteElo "2424"]
[BlackElo "2118"]
[PlyCount "69"]
[EventDate "2024.12.28"]
[EventType "swiss"]
[EventRounds "9"]
[EventCountry "ENG"]
[SourceTitle "BritBase"]
[Source "John Saunders"]
[SourceDate "2025.01.10"]
[SourceVersion "1"]
[SourceVersionDate "2025.01.10"]
[SourceQuality "1"]

1. d4 Nf6 2. c4 g6 3. Nc3 Bg7 4. e4 d6 5. Bd3 O-O 6. Nge2 Nc6 7. O-O a5 8. f3 e5 9. d5 Nd4 10. Be3 c5 11. Kh1 h5 12. Bg5 Qd7 13. Nxd4 cxd4 14. Ne2 Nh7 15. Bd2 Qe7 16. Qc2 Bd7 17. Rac1 b6 18. f4 f5 19. Rce1 Rae8 20. Ng1 Nf6 21. fxe5 dxe5 22. Bg5 f4 23. Nf3 Qc5 24. g3 fxg3 25. Qg2 gxh2 26. Nh4 Ng4 27. Nxg6 Rxf1+ 28. Rxf1 Qd6 29. Nh4 Rf8 30. Nf5 Bxf5 31. exf5 Bh6 32. Bh4 Kh8 33. f6 Nxf6 34. Qg6 Ne4 35. Rxf8+ 1-0

[Event "Hastings Masters 2024/25 98th"]
[Site "Hastings"]
[Date "2024.12.28"]
[Round "1.14"]
[White "Golding, Alex"]
[Black "Dette, Jan"]
[Result "1-0"]
[WhiteElo "2405"]
[BlackElo "2102"]
[PlyCount "67"]
[EventDate "2024.12.28"]
[EventType "swiss"]
[EventRounds "9"]
[EventCountry "ENG"]
[SourceTitle "BritBase"]
[Source "John Saunders"]
[SourceDate "2025.01.10"]
[SourceVersion "1"]
[SourceVersionDate "2025.01.10"]
[SourceQuality "1"]

1. e4 c6 2. d4 d5 3. e5 c5 4. dxc5 e6 5. Nf3 Bxc5 6. Bd3 Nc6 7. O-O Nge7 8. Nbd2 Ng6 9. Nb3 Bb6 10. Re1 Qc7 11. Bxg6 hxg6 12. c3 Bd7 13. a4 a6 14. Be3 Bxe3 15. Rxe3 Rh5 16. Qe2 Ne7 17. Nbd4 Rc8 18. g4 Rh6 19. Ng5 Nc6 20. Qf3 Nd8 21. h3 Qc5 22. Qf4 Qe7 23. b3 Rh8 24. Rae1 Nc6 25. Rf3 Rf8 26. Rfe3 Rh8 27. Kg2 Nxd4 28. cxd4 b5 29. axb5 Bxb5 30. Rf3 Rf8 31. Rc1 Rxc1 32. Qxc1 Qa7 33. Nxe6 Rh8 34. Qc8+ 1-0

[Event "Hastings Masters 2024/25 98th"]
[Site "Hastings"]
[Date "2024.12.28"]
[Round "1.15"]
[White "Patel, Zain"]
[Black "Vestby-Ellingsen, Mads"]
[Result "0-1"]
[WhiteElo "2099"]
[BlackElo "2383"]
[PlyCount "74"]
[EventDate "2024.12.28"]
[EventType "swiss"]
[EventRounds "9"]
[EventCountry "ENG"]
[SourceTitle "BritBase"]
[Source "John Saunders"]
[SourceDate "2025.01.10"]
[SourceVersion "1"]
[SourceVersionDate "2025.01.10"]
[SourceQuality "1"]

1. d4 Nf6 2. Nf3 d5 3. e3 c5 4. Nbd2 Nc6 5. Bb5 Qb6 6. c4 e6 7. O-O cxd4 8. Nxd4 Bd6 9. cxd5 exd5 10. N2f3 O-O 11. b3 Nxd4 12. Nxd4 Be5 13. Be2 Ne4 14. Bb2 Qd6 15. f4 Bf6 16. Nb5 Qe7 17. Ba3 Nc5 18. Rc1 b6 19. Qd2 Re8 20. Bf3 Ba6 21. Bxc5 bxc5 22. a4 Rad8 23. Bxd5 Bb7 24. e4 a6 25. Nc3 Bd4+ 26. Kh1 Bxd5 27. Nxd5 Qxe4 28. Nc7 Be3 29. Qa5 Rd2 30. Rg1 Red8 31. Rce1 Qd3 32. Rgf1 Qg6 33. Rg1 Qd3 34. Rgf1 Qg6 35. Rg1 Bxf4 36. Qxc5 Qh6 37. h3 Qxh3+ 0-1

[Event "Hastings Masters 2024/25 98th"]
[Site "Hastings"]
[Date "2024.12.28"]
[Round "1.16"]
[White "Grutter, Tim"]
[Black "Verbin, Valentina"]
[Result "1-0"]
[WhiteElo "2379"]
[BlackElo "2093"]
[PlyCount "67"]
[EventDate "2024.12.28"]
[EventType "swiss"]
[EventRounds "9"]
[EventCountry "ENG"]
[SourceTitle "BritBase"]
[Source "John Saunders"]
[SourceDate "2025.01.10"]
[SourceVersion "1"]
[SourceVersionDate "2025.01.10"]
[SourceQuality "1"]

1. e4 e6 2. d4 d5 3. Nd2 c5 4. Ngf3 cxd4 5. Nxd4 Ne7 6. exd5 Nxd5 7. N2f3 Be7 8. c3 O-O 9. Bd3 Bf6 10. O-O e5 11. Nc2 Nc6 12. Be4 Be6 13. Qd3 h6 14. Rd1 Qc7 15. Bxh6 Nxc3 16. Bxg7 Bxg7 17. Qxc3 f5 18. Ng5 fxe4 19. Nxe6 Qb6 20. Nxf8 Rxf8 21. Qb3+ Qxb3 22. axb3 Nd4 23. Ne3 a6 24. b4 Ne2+ 25. Kf1 Nf4 26. Rd7 Nd3 27. f3 Nxb2 28. Ke2 exf3+ 29. gxf3 Rf7 30. Rxf7 Kxf7 31. Ra2 e4 32. fxe4 Bd4 33. Ra5 Bb6 34. Rh5 1-0

[Event "Hastings Masters 2024/25 98th"]
[Site "Hastings"]
[Date "2024.12.28"]
[Round "1.18"]
[White "Waldhausen Gordon, Frederick"]
[Black "Abrahams, Daniel"]
[Result "1-0"]
[WhiteElo "2355"]
[BlackElo "2072"]
[PlyCount "63"]
[EventDate "2024.12.28"]
[EventType "swiss"]
[EventRounds "9"]
[EventCountry "ENG"]
[SourceTitle "BritBase"]
[Source "John Saunders"]
[SourceDate "2025.01.10"]
[SourceVersion "1"]
[SourceVersionDate "2025.01.10"]
[SourceQuality "1"]

1. d4 Nf6 2. c4 e6 3. Nc3 d5 4. Nf3 Be7 5. Bf4 O-O 6. e3 Nbd7 7. c5 c6 8. h3 b6 9. b4 a5 10. a3 h6 11. Bd3 Ba6 12. O-O Qc8 13. Qe2 Bxd3 14. Qxd3 Qb7 15. Qc2 Rfc8 16. g4 Bd8 17. Kh1 Bc7 18. g5 hxg5 19. Bxg5 axb4 20. axb4 Rxa1 21. Rxa1 Ra8 22. Rg1 Kf8 23. Bh4 bxc5 24. bxc5 Ra3 25. Ng5 Kg8 26. Nxf7 Qa8 27. Qg6 Qf8 28. Ng5 Rxc3 29. Nxe6 Qf7 30. Qxg7+ Qxg7 31. Rxg7+ Kh8 32. Bxf6 1-0

[Event "Hastings Masters 2024/25 98th"]
[Site "Hastings"]
[Date "2024.12.28"]
[Round "1.19"]
[White "Zhang, Junyi"]
[Black "Siva Mahadevan"]
[Result "0-1"]
[WhiteElo "2070"]
[BlackElo "2349"]
[PlyCount "66"]
[EventDate "2024.12.28"]
[EventType "swiss"]
[EventRounds "9"]
[EventCountry "ENG"]
[SourceTitle "BritBase"]
[Source "John Saunders"]
[SourceDate "2025.01.10"]
[SourceVersion "1"]
[SourceVersionDate "2025.01.10"]
[SourceQuality "1"]

1. e4 e5 2. Nf3 Nc6 3. Bc4 Nf6 4. Ng5 d5 5. exd5 Na5 6. Bb5+ c6 7. dxc6 bxc6 8. Bd3 Nd5 9. Nf3 Bd6 10. O-O O-O 11. Re1 f5 12. Nxe5 Qf6 13. Nf3 g5 14. c4 Nf4 15. Bf1 g4 16. d4 gxf3 17. Qxf3 Ne6 18. Qc3 Nb7 19. c5 Bc7 20. b4 a5 21. b5 cxb5 22. Bxb5 a4 23. Rd1 Nbxc5 24. dxc5 Be5 25. Qf3 Rb8 26. Na3 Rxb5 27. Nxb5 Bxa1 28. c6 Be5 29. Ba3 Rd8 30. Rxd8+ Qxd8 31. g3 Qd2 32. Qe3 Qd1+ 33. Kg2 Qd5+ 0-1

[Event "Hastings Masters 2024/25 98th"]
[Site "Hastings"]
[Date "2024.12.28"]
[Round "1.20"]
[White "Roux, Baptiste"]
[Black "Byron, Alan M"]
[Result "1-0"]
[WhiteElo "2338"]
[BlackElo "2069"]
[PlyCount "77"]
[EventDate "2024.12.28"]
[EventType "swiss"]
[EventRounds "9"]
[EventCountry "ENG"]
[SourceTitle "BritBase"]
[Source "John Saunders"]
[SourceDate "2025.01.10"]
[SourceVersion "1"]
[SourceVersionDate "2025.01.10"]
[SourceQuality "1"]

1. e4 c6 2. d3 d5 3. Bf4 e6 4. Nf3 Ne7 5. Nbd2 Nd7 6. d4 a6 7. Bd3 c5 8. c4 cxd4 9. exd5 Nc5 10. Bb1 exd5 11. O-O Ng6 12. Bg3 Ne6 13. cxd5 Qxd5 14. Be4 Qd8 15. Nb3 d3 16. Bxd3 Be7 17. Qc2 O-O 18. Rad1 Qb6 19. Ne5 Bf6 20. Nc4 Qa7 21. Be4 Nd4 22. Nxd4 Bxd4 23. Nd6 Qb6 24. Rd2 Be6 25. Rfd1 Bf6 26. Nxb7 Rac8 27. Qb1 Bg5 28. Rd6 Qb4 29. R6d4 Qxd4 30. Rxd4 Rc1+ 31. Qxc1 Bxc1 32. b3 f5 33. Nc5 Bxb3 34. Nxb3 Bb2 35. Bd5+ Kh8 36. Rd2 Rd8 37. f3 f4 38. Bf2 Bc3 39. Rd3 1-0

[Event "Hastings Masters 2024/25 98th"]
[Site "Hastings"]
[Date "2024.12.28"]
[Round "1.21"]
[White "Bharat Kumar, Balahari"]
[Black "Lucas, Arthur"]
[Result "0-1"]
[WhiteElo "2063"]
[BlackElo "2335"]
[PlyCount "84"]
[EventDate "2024.12.28"]
[EventType "swiss"]
[EventRounds "9"]
[EventCountry "ENG"]
[SourceTitle "BritBase"]
[Source "John Saunders"]
[SourceDate "2025.01.10"]
[SourceVersion "1"]
[SourceVersionDate "2025.01.10"]
[SourceQuality "1"]

1. d4 d5 2. c4 dxc4 3. e3 e5 4. Bxc4 Nc6 5. Nf3 e4 6. Nfd2 Qg5 7. Kf1 f5 8. Nc3 Bd6 9. h4 Qe7 10. a3 Nf6 11. b4 Nd8 12. Bb2 Be6 13. Rc1 O-O 14. g3 a5 15. Qb3 axb4 16. axb4 Bxb4 17. Bxe6+ Nxe6 18. d5 Rad8 19. Ndb1 Bxc3 20. Ba3 Nc5 21. Qxc3 b6 22. Bxc5 bxc5 23. Qxc5 Rf7 24. Qxe7 Rxe7 25. Nc3 Nxd5 26. Rd1 Red7 27. Nxd5 Rxd5 28. Rxd5 Rxd5 29. Kg2 Kf7 30. Ra1 Ke6 31. Ra8 Rd7 32. Ra6+ Kd5 33. Ra5+ c5 34. h5 Kc4 35. Ra8 Kd3 36. Rc8 c4 37. Kf1 c3 38. Ke1 c2 39. Rc6 Rb7 40. Rd6+ Kc3 41. Rc6+ Kb2 42. Kd2 c1=Q+ 0-1

[Event "Hastings Masters 2024/25 98th"]
[Site "Hastings"]
[Date "2024.12.28"]
[Round "1.33"]
[White "Adams, Henry"]
[Black "Kim, Taewoo A"]
[Result "1-0"]
[WhiteElo "1991"]
[BlackElo "1863"]
[PlyCount "144"]
[EventDate "2024.12.28"]
[EventType "swiss"]
[EventRounds "9"]
[EventCountry "ENG"]
[SourceTitle "BritBase"]
[Source "John Saunders"]
[SourceDate "2025.01.10"]
[SourceVersion "1"]
[SourceVersionDate "2025.01.10"]
[SourceQuality "1"]

1. d4 d5 2. Nf3 Bf5 3. g3 e6 4. Bg2 h6 5. O-O Nf6 6. c4 c6 7. Nc3 Nbd7 8. Nd2 Be7 9. e4 dxe4 10. Ndxe4 O-O 11. Qe2 Nxe4 12. Nxe4 Nf6 13. Rd1 Nxe4 14. Bxe4 Bxe4 15. Qxe4 Qc7 16. Bf4 Bd6 17. Bd2 a5 18. Rac1 Qe7 19. Qg4 Qf6 20. d5 exd5 21. cxd5 cxd5 22. Be3 Be5 23. Rxd5 Rfd8 24. Rb5 Bd4 25. Rxb7 Bxe3 26. fxe3 Rd2 27. Rf1 Qc6 28. Qf3 Qxf3 29. Rxf3 Rc8 30. Rbxf7 Rcc2 31. Rf2 Rxb2 32. Rf8+ Kh7 33. Rxd2 Rxd2 34. Rf2 Rd3 35. Re2 Kg6 36. Kf2 Kf5 37. Kf3 g5 38. g4+ Ke5 39. Rb2 a4 40. Rb5+ Kf6 41. Rb6+ Kg7 42. Rb2 Kf6 43. Ke4 Ra3 44. Kd4 Ke6 45. e4 Rh3 46. Rb6+ Kd7 47. Rb2 Ke6 48. e5 Rh4 49. Rb6+ Ke7 50. Kd5 Rxh2 51. Rb7+ Kd8 52. a3 Ra2 53. Kd6 Kc8 54. Rc7+ Kd8 55. Rc3 Rd2+ 56. Ke6 Rd4 57. Rg3 Rd2 58. Rh3 Rb2 59. Rd3+ Ke8 60. Rd4 Rb6+ 61. Kf5 Ra6 62. Rd6 Ra5 63. Rxh6 Kd7 64. Rb6 Kc7 65. Rb4 Kc6 66. Kf6 Kd5 67. e6 Ra6 68. Rb5+ Kc4 69. Rb8 Rd6 70. Kf7 Rd3 71. e7 Rf3+ 72. Kg6 Kd5 1-0